|
|
|
|
| LEADER |
00696nam a22001931 4500 |
| 001 |
c000361558 |
| 003 |
CARM |
| 005 |
00000000000000.0 |
| 008 |
851113s1938 enk 0 eng d |
| 019 |
1 |
|
|a 26784327
|z 4142328
|5 LACONCORD2021
|
| 035 |
|
|
|a (OCoLC)2012886
|5 LACONCORD2021
|
| 100 |
1 |
|
|a Drinkwater, John,
|d 1882-1937.
|
| 245 |
1 |
0 |
|a English poetry :
|b an unfinished history.
|
| 260 |
|
|
|a Lond. :
|b Methuen,
|c 1938.
|
| 650 |
|
0 |
|a English poetry.
|
| 852 |
8 |
|
|b CARM
|h A1:AL18A0
|i A05215
|p 0453677
|f BK
|
| 082 |
0 |
4 |
|a 821
|
| 999 |
f |
f |
|i a00ee51f-cf7f-5da7-b88d-593d5fcd59a3
|s 17555ce4-bba3-5adc-9f53-7b2a70a7e3e2
|
| 952 |
f |
f |
|p Can circulate
|a CAVAL
|b CAVAL
|c CAVAL
|d CARM 1 Store
|e A05215
|f A1:AL18A0
|h Other scheme
|i book
|m 0453677
|